Land values on the rise (Record no. 79595)

MARC details
000 -LEADER
fixed length control field 00959cab a22001935a 4500
001 - CONTROL NUMBER
control field L141814
008 - FIXED-LENGTH DATA ELEMENTS--GENERAL INFORMATION
fixed length control field 071221s2007 xxk f 000 0 eng d
035 ## - SYSTEM CONTROL NUMBER
System control number (Sirsi) u141814
041 0# - LANGUAGE CODE
Language code of text/sound track or separate title eng
100 1# - MAIN ENTRY--PERSONAL NAME
Personal name Beedell, Jason
245 00 - TITLE STATEMENT
Title Land values on the rise
Remainder of title new tool set to answer land price conundrum
260 ## - PUBLICATION, DISTRIBUTION, ETC.
Date of publication, distribution, etc. 2007
490 ## - SERIES STATEMENT
Series statement Farmland Market
Volume/sequential designation (68) Winter 2007, 30-31(2)
520 ## - SUMMARY, ETC.
Summary, etc. Examines the upward trend in agricultural land prices. Uses a model developed by Smiths Gore to forecast land prices and sales in England from 2007 to 2011. Explains the working of the model. Identifies factors affecting the farmland market: house prices, Bank of England base rate, average earnings, farm incomes, share prices and inflation. Quotes the headline statistics suggested by the model.
590 ## - LOCAL NOTE (RLIN)
Local note KA
651 #4 - SUBJECT ADDED ENTRY--GEOGRAPHIC NAME
Geographic name England
Chronological subdivision 886-
690 ## - LOCAL SUBJECT ADDED ENTRY--TOPICAL TERM (OCLC, RLIN)
Topical term or geographic name as entry element PROPERTY-RURAL AND NATURAL ASSETS-AGRICULTURAL PROPERTY-AGRICULTURAL PROPERTY MARKET
942 ## - ADDED ENTRY ELEMENTS (KOHA)
Suppress in OPAC 0
Holdings
Withdrawn status Lost status Source of classification or shelving scheme Damaged status Not for loan Home library Current library Shelving location Date acquired Total Checkouts Full call number Barcode Date last seen Copy number Price effective from Koha item type
    Dewey Decimal Classification     London London Journal article 21/12/2007   L141814 141814-1001 06/08/2019 1 06/08/2019 Journal article